| 000 -LEADER |
| fixed length control field |
00706cam a2200193 a 4500 |
| 020 ## - INTERNATIONAL STANDARD BOOK NUMBER |
| ISBN |
9041111778 (hb : alk. paper) |
| 040 ## - CATALOGING SOURCE |
| Transcribing agency |
DLC |
| 082 00 - DEWEY DECIMAL CLASSIFICATION NUMBER |
| Classification number |
341 FAO 1999 A028 Or. |
| 245 00 - TITLE STATEMENT |
| Title |
Basic texts 1998 = textes de base 1998. |
| 246 31 - VARYING FORM OF TITLE |
| Title proper/short title |
Textes de base 1998 |
| 260 ## - PUBLICATION, DISTRIBUTION, ETC. (IMPRINT) |
| Place of publication |
The Hague ; |
| -- |
Boston : |
| Name of publisher |
Kluwer Law International, |
| Year of publication |
c1999. |
| 300 ## - PHYSICAL DESCRIPTION |
| Number of Pages |
xi, xi, 356, 356 p. ; |
| Dimensions |
25 cm. |
| 500 ## - GENERAL NOTE |
| General note |
At head of title: International Tribunal for the Law of the Sea = Tribunal international de droit de la mer. |
| 500 ## - GENERAL NOTE |
| General note |
Opposite pages bear duplicate numbering. |
| 650 #0 - SUBJECT ADDED ENTRY--TOPICAL TERM |
| Topical Term |
Law of the sea. |
| 650 #0 - SUBJECT ADDED ENTRY--TOPICAL TERM |
| Topical Term |
International courts. |
| 710 2# - ADDED ENTRY--CORPORATE NAME |
| Corporate name or jurisdiction name as entry element |
International Tribunal for the Law of the Sea. |
| 942 ## - ADDED ENTRY ELEMENTS (KOHA) |
| Koha item type |
ADB |
| 952 ## - LOCATION AND ITEM INFORMATION (KOHA) |
| Withdrawn status [LOCAL, KOHA] |
0 |